Holenderskie prowincje - Statystyki

Ogólne statystyki
  • Ten quiz został rozwiązany 5 razy
  • Średni wynik to 6 z 12
Statystyki odpowiedzi
Prowincje % Poprawnych
Groningen
80%
Zelandia
80%
Brabancja Północna
60%
Utrecht
60%
Drenthe
40%
Flevoland
40%
Fryzja
40%
Geldria
40%
Holandia Północna
40%
Holandia Południowa
40%
Limburgia
40%
Overijssel
40%
Nie znaleziono quizów pasujących do podanych kryteriów
Rozkład punktacji
Procent ludzi z każdym wynikiem
Percentyl według liczby udzielonych odpowiedzi
Twoja historia wyników
Nie rozwiązałeś tego quizu